Central Library OPAC University of Rajshahi

মুক্তিযুদ্ধে ঢাকা ১৯৭১ / (Record no. 54430)

MARC details
000 -LEADER
fixed length control field 00839nam a2200229 a 4500
001 - CONTROL NUMBER
control field 54430
003 - CONTROL NUMBER IDENTIFIER
rucl marc code BD-RjUL
005 - DATE AND TIME OF LATEST TRANSACTION
control field 20220303120811.0
008 - FIXED-LENGTH DATA ELEMENTS--GENERAL INFORMATION
fixed length control field 161106s2010 bg ||||| |||| 00| 0 ben d
020 ## - INTERNATIONAL STANDARD BOOK NUMBER
International Standard Book Number 9789843315564
Terms of availability : TK 500.00
035 ## - SYSTEM CONTROL NUMBER
System control number (BD-RjUL)54552
040 ## - CATALOGING SOURCE
Original cataloging agency BD-RjUL
Language of cataloging ben
Transcribing agency BD-RjUL
041 ## - LANGUAGE CODE
Language code of text/sound track or separate title ben
082 ## - DEWEY DECIMAL CLASSIFICATION NUMBER
Edition number 23
Classification number 954.92205
Author mark and year MUK 2010
245 00 - TITLE STATEMENT
Title মুক্তিযুদ্ধে ঢাকা ১৯৭১ /
260 ## - PUBLICATION, DISTRIBUTION, ETC. (IMPRINT)
Place of publication, distribution, etc. ঢাকা :
Name of publisher, distributor, etc. বাংলাদেশ এশিয়াটিক সোসাইটি,
Date of publication, distribution, etc. ২০১০
300 ## - PHYSICAL DESCRIPTION
Pagination ৩৬৭ পৃ. ;
Size ২১ সেমি.
650 ## - SUBJECT ADDED ENTRY--TOPICAL TERM
Topical term or geographic name as entry element বাংলাদেশ
Geographic subdivision ইতিহাস
9 (RLIN) 162440
Topical term or geographic name as entry element Bangladesh
Geographic subdivision History
9 (RLIN) 162441
700 ## - ADDED ENTRY--PERSONAL NAME
Personal name আলম, মোহীত উল, সম্পাদক
942 ## - ADDED ENTRY ELEMENTS (KOHA)
Source of classification or shelving scheme Dewey Decimal Classification
Koha item type Books
Holdings
Lost status Source of classification or shelving scheme Damaged status Not for loan Collection code Permanent Location Current Location Shelving location Date acquired Source of acquisition Cost, normal purchase price Total Checkouts Full call number Date last seen Copy number Koha item type
  Dewey Decimal Classification     Non-fiction Central Library, University of Rajshahi Central Library, University of Rajshahi   16/07/2012 Asiatic book agency 500.00   B 954.92205 MUK 2010 06/11/2016 C-2 Books
  Dewey Decimal Classification   Not For Loan Non-fiction Central Library, University of Rajshahi Central Library, University of Rajshahi Reading Room 16/07/2012 Dhaka, Associatic society Bangladesh 500.00   B 954.92205 MUK 2010 20/02/2017 C-1 Books